LIBRARY & INFORMATION CENTRE, KCAET, TAVANUR

ONLINE PUBLIC ACCESS CATALOGUE (OPAC)

Dapar / (Record no. 11868)

MARC details
000 -LEADER
fixed length control field 00395cam a2200169ua 4500
041 ## - LANGUAGE CODE
Language code of text/sound track or separate title hin
082 ## - DEWEY DECIMAL CLASSIFICATION NUMBER
Classification number 891.54
Item number MYD/DA
100 ## - MAIN ENTRY--AUTHOR NAME
Personal name Mydhali, Sharan Gupt .
245 ## - TITLE STATEMENT
Title Dapar /
260 ## - PUBLICATION, DISTRIBUTION, ETC. (IMPRINT)
Place of publication :
Name of publisher Sahithya Sadan ,
Year of publication 1961.
300 ## - PHYSICAL DESCRIPTION
Number of Pages 222 ; .
942 ## - ADDED ENTRY ELEMENTS (KOHA)
Koha item type Books
Holdings
Withdrawn status Lost status Damaged status Home library Current library Date acquired Full call number Accession Number Koha item type
Withdrawn     KAUAET Sanskrit University 07/04/2012 891.54 2970 Books
free website counter